Marvin redpost : (Record no. 7190)

MARC details
000 -LEADER
fixed length control field 00981nam a22003017a 4500
001 - CONTROL NUMBER
control field 7190
003 - CONTROL NUMBER IDENTIFIER
control field FISKH
005 - DATE AND TIME OF LATEST TRANSACTION
control field 20250702091043.0
008 - FIXED-LENGTH DATA ELEMENTS--GENERAL INFORMATION
fixed length control field 250702b cb ||||| |||| 00| 0 eng d
020 ## - INTERNATIONAL STANDARD BOOK NUMBER
International Standard Book Number 9780439469593
040 ## - CATALOGING SOURCE
Original cataloging agency FISKH
Language of cataloging eng
Transcribing agency FISKH
Modifying agency FISKH
050 ## - LIBRARY OF CONGRESS CALL NUMBER
Classification number PZ7.S1185 M
082 ## - DEWEY DECIMAL CLASSIFICATION NUMBER
Classification number 813.54
100 ## - MAIN ENTRY--PERSONAL NAME
Personal name Sachar, Louis
Dates associated with a name (1954-)
245 ## - TITLE STATEMENT
Title Marvin redpost :
Remainder of title A magic crystal? /
Statement of responsibility, etc. By Louis Sachar / Illustrated by Amy Wummer
250 ## - EDITION STATEMENT
Edition statement This edition first published in 2003
260 ## - PUBLICATION, DISTRIBUTION, ETC.
Place of publication, distribution, etc. New York :
Name of publisher, distributor, etc. Scholastic,
Date of publication, distribution, etc. 2000
300 ## - PHYSICAL DESCRIPTION
Extent 81 pages :
Other physical details illustrations ;
Dimensions 20 cm
505 ## - FORMATTED CONTENTS NOTE
Formatted contents note N<br/>
520 ## - SUMMARY, ETC.
Summary, etc. When Marvin Redpost's new friend Casey shares with him her magic crystal that can make wishes come true, things get out of control.<br/>
521 8# - TARGET AUDIENCE NOTE
Target audience note 550<br/>
Source Lexile<br/>
521 8# - TARGET AUDIENCE NOTE
Target audience note N<br/>
Source Raz-Plus<br/>
650 ## - SUBJECT ADDED ENTRY--TOPICAL TERM
Source of heading or term Marvin Redpost
Topical term or geographic name entry element Magic
650 ## - SUBJECT ADDED ENTRY--TOPICAL TERM
Source of heading or term No scan
Topical term or geographic name entry element Morning Books
700 ## - ADDED ENTRY--PERSONAL NAME
Personal name Wummer, Amy
Dates associated with a name illustrator
942 ## - ADDED ENTRY ELEMENTS (KOHA)
Source of classification or shelving scheme Dewey Decimal Classification
Koha item type Books
Suppress in OPAC No
Holdings
Withdrawn status Lost status Source of classification or shelving scheme Damaged status Not for loan Collection Home library Current library Shelving location Date acquired Total Checkouts Full call number Barcode Date last seen Copy number Price effective from Koha item type
    Dewey Decimal Classification     Juvenile Fiction Footprints International School Library Network Toul Tom Poung Campus Footprints International School Library Network Toul Tom Poung Campus TTP Primary Yellow Bookshelves 07/02/2025   SAC 813.54 PZ7.S1185 M 2025-1721 07/02/2025 1 07/02/2025 Books